00702nam a2200169 i 4500001000700000003000900007005001700016008004100033040002000074100002700094245009600121260005200217300001900269500007700288650003300365852013400398157171ES-MaACL20230906210615.0040809s1608 it |||| | gre d aCAM bspa cCAM1 aLascaris, Constantino.10aEpitom¯e t¯on okto toy logoy meron b: biblion deyteron ... / cKonstantinoy Laskareos... aRomae : bapud Bartholomaeum Zannettum, c1608. a95 p. ; c8º. aTraducción del título: Epítome de las ocho partes de la oración.04aLengua griega-xGramática. aES-MaACLjR-929(2) z-- Enc. perg. con cierres z-- Ded. ms. de cayo Ortega Mayor a la biblioteca del Ateneo x Olim: G-3954